000 00540nam a2200217Ia 4500
003 OSt
005 20220918195627.0
006 a|||||r|||| 00| 0
007 ta
008 220917b |||||||| |||| 00| 0 eng d
024 _a85,538
037 _cTextual
040 _aARTS
_cARTS
_beng
041 _2eng
_aeng
082 _aSN13, G7.1--2
245 0 _aPeculiarities of behaviour tr by James S.Van Teslaar V2
260 _c1937
650 _aPSYCHOLOGY
942 _hSN13, G7.1--2
_cTEXL
_2CC
999 _c209251
_d209251